000 00576nam a2200193 i 4500
001 69358
003 ES-MaACL
005 20260525062928.0
007 t|
008 040705s1967 sp ||||1| spa d
100 1 _aGarcía y Bellido, Antonio.
_955426
245 1 0 _aVeinticinco estampas de la España antigua /
_cAntonio García-Bellido.
260 _aMadrid :
_bEspasa-Calpe,
_c[1967]
300 _a219 p. ;
_c18 cm.
490 1 _aColección austral ;
_v1375
830 0 _aColección austral
_v1375
_9177655
852 _aES-MaACL
_jC-31366
_bR.61983
999 _c69358
_d69358